[Event "22nd ECCC Women 2017"]
[Site "Antalya"]
[Date "2017.10.10"]
[Round "1"]
[White "Dzagnidze, Nana"]
[Black "Atalik, Ekaterina"]
[Result "1/2-1/2"]
[WhiteElo "2520"]
[BlackElo "2468"]
[Annotator "TA"]
[PlyCount "88"]
[EventType "team-tourn"]
[EventCountry "TUR"]
[WhiteTeam "Batumi"]
[BlackTeam "Anatolia"]

{[%evp 22,88,25,-3,-16,-3,0,-66,-64,-65,0,0,0,4,5,5,2,7,35,-39,-33,-25,-9,-9,-8,-9,-6,-6,-16,-8,-6,-39,-44,-60,-60,-60,-60,-60,-60,-60,-60,-60,-60,-60,-60,-70,-60,-70,-47,-47,-47,-47,-38,-45,-16,-22,0,0,0,0,0,0,0,0,0,0,0,0,0]} 1. d4 d5 2. c4 e6 3. Nc3 Nf6 4. Bg5 Nbd7 5. e3 Be7 6. Nf3 O-O 7. Rc1 c6 {[%cal Bc7c6,Bc6c5][%mdl 32]} 8. Bd3 dxc4 9. Bxc4 b5 10. Bd3 Bb7 11. O-O a6 12. e4 c5 {D66: Queen's Gambit Declined: Classical: Main Line (7 Rc1 c6 8 Bd3)} 13. e5 Nd5 {[#] White must now prevent ...Nxc3.} 14. Ne4 (14. Bxe7 $11 Qxe7 15. dxc5) (14. Bxe7 Qxe7 15. Nxd5 Bxd5 16. dxc5 Nxc5 17. Bb1 Rac8 18. Re1 g6 19. Qe2 Na4 20. b3 {0-1 (49) Gralka,J (2247)-Krogulski,G (2360) Mrzezyno 2011}) 14... cxd4 $15 {Black is slightly better.} 15. Bxe7 Qxe7 (15... Nxe7 $15 16. Nd6 Bxf3 17. Qxf3 g6) 16. Bb1 $11 Rad8 $146 ({Predecessor:} 16... h6 17. Qxd4 Nf4 18. Rfe1 Nd5 19. Nd6 N7b6 20. Qe4 {1-0 (39) Azman Hisham,N (2027)-Bakri,A (1944) Kuala Lumpur 2016}) 17. Qxd4 Qb4 18. Qxb4 Nxb4 19. a3 $1 {[%cal Ra3b4]} Nc6 {[%cal Bb4c6,Bc6a5,Ba5c4][%mdl 32]} 20. Rfe1 (20. Nd6 $14 Ba8 21. Ng5 Ndxe5 22. Bxh7+ Kh8 23. Rfd1) 20... Na5 ({Wrong is} 20... Ndxe5 $2 21. Nxe5 Nxe5 22. Nc5 $18) 21. Rc7 Bxe4 22. Bxe4 Nc4 23. Bb7 Nb8 24. a4 Nxb2 25. axb5 axb5 26. Rb1 Nc4 27. g3 Rd7 28. Rxd7 Nxd7 29. Rxb5 Rb8 30. h4 {[#]} Ndxe5 $1 {[%mdl 512]} 31. Nxe5 (31. Rxe5 Nxe5) 31... Nxe5 32. Rxe5 {Hoping for Rc5.} Rxb7 $15 {[%mdl 4096] Endgame KR-KR} 33. Ra5 {White threatens Ra8+ and mate.} h6 (33... f5 {keeps more tension.} 34. f3 Kf7 35. Ra2 Rb4 36. Kf2 Kf6) 34. Kg2 Rd7 35. Ra8+ Kh7 36. h5 Rd5 37. Rf8 f6 38. g4 {The position is equal.} f5 39. f3 fxg4 40. fxg4 Rg5 41. Kf3 g6 42. Rf7+ Kg8 43. Rf6 gxh5 44. gxh5 Rxh5 {Precision: White = 67%, Black = 57%.} 1/2-1/2

[Event "22nd ECCC Women 2017"]
[Site "Antalya"]
[Date "2017.10.10"]
[Round "1"]
[White "Girya, Olga"]
[Black "Haussernot, Cecile"]
[Result "0-1"]
[WhiteElo "2505"]
[BlackElo "2169"]
[Annotator "TA"]
[PlyCount "96"]
[EventType "team-tourn"]
[EventCountry "TUR"]
[WhiteTeam "UGRA"]
[BlackTeam "Mulhouse Philidor"]

{[%evp 16,96,83,82,89,77,80,50,58,50,60,58,63,55,60,55,143,64,50,22,26,22,22,16,22,5,30,-55,-44,-65,-45,-79,-91,-126,-47,-33,-62,-86,-6,-25,-14,-33,-13,-15,-10,-15,48,61,78,44,189,190,250,203,222,157,142,0,0,1,0,15,23,0,102,7,51,0,103,-387,-288,-484,-485,-440,-449,-2685,-2618,-29994,-29995,-29997,-1259,-29998,-29999]} 1. d4 Nf6 2. c4 e6 3. Nf3 Bb4+ 4. Nbd2 O-O 5. a3 Be7 6. e4 d6 {E11: Damenindisch (Bogoljubow-Variante)} 7. Be2 c5 8. d5 e5 9. O-O {LiveBook: 3 Partien} Ne8 10. b4 Nd7 11. Bb2 g6 12. Ne1 Bg5 13. Nd3 b6 {[#]} 14. Qc2 $146 ({Vorgänger:} 14. f4 exf4 {0-1 (52) Jianu,V (2558)-Marin,M (2539) Medias 2016}) 14... Bh6 15. Rae1 f5 (15... Nef6 $14) 16. exf5 ({Lieber} 16. f4 $16) 16... gxf5 $14 17. f4 {[%cal Rf4e5]} e4 $1 18. Nc1 $1 ({Ein No Go ist} 18. Qc3 Bg7 $17) 18... Bg7 19. Bxg7 Nxg7 20. Ncb3 Qf6 21. Bd1 (21. Nb1 $11) 21... cxb4 $1 $15 22. axb4 a5 $1 {[%cal Ba7a5,Ba5a4][%mdl 32]} 23. Qa2 {[%cal Rb4a5]} a4 24. Na1 Qc3 (24... Qd4+ $17 25. Kh1 b5 $1 {[%mdl 512]}) 25. b5 Nc5 26. Be2 Bd7 (26... a3 $17 {Schwarz will ...Lb7 spielen.} 27. g3 Ne8) 27. Nb1 $11 Qd4+ 28. Kh1 Nd3 29. Bxd3 $1 exd3 30. Rd1 $1 Rfe8 {[#]} (30... Nh5 $11) 31. Nc2 $1 $14 {[%cal Rc2d4][%mdl 512]} Qc5 (31... dxc2 32. Rxd4) 32. Rxd3 Re4 (32... Rac8 $1 $14) 33. Nd2 $18 Re2 (33... Re7 $142 34. Qb2 Be8) 34. Nd4 Re7 35. N2f3 Re4 36. g3 (36. Rfd1 $16) 36... Be8 $1 $11 37. Rc1 {Schwarz muss nun Da1 beachten.} Bh5 38. Kg2 Rae8 {Und weiter mit ...Lxf3+ wäre nett.} 39. Rc2 Qb4 (39... Re3 $11 {bleibt in der Remisbreite.} 40. Rcd2 (40. Rxe3 Rxe3 41. Rd2 Bxf3+ 42. Nxf3 a3 $14) 40... Bxf3+ 41. Nxf3 Rxd3 42. Rxd3 Re3 43. Rxe3 Qxe3) 40. Rb2 (40. Qb2 $16 Bxf3+ 41. Kxf3) 40... Qc5 (40... Bxf3+ $5 41. Kxf3 Qe1 $16) 41. Rc2 ({Günstiger ist} 41. Qxa4 $14 Bxf3+ 42. Nxf3) 41... Qb4 $16 42. Ng5 $2 {[%mdl 8192]} (42. Qb2 $16 {hält den Druck.} Bxf3+ 43. Kxf3) 42... Qe1 $19 43. Nxe4 $2 (43. Ngf3 {war nötig.} Bxf3+ 44. Nxf3 Re2+ 45. Kh3 Qf1+ 46. Kh4) 43... Qxe4+ 44. Rf3 {Droht Td2.} Qxd4 45. Rff2 (45. Rf1 $142 Bd1 46. Rxd1 Qxd1 47. Rd2) 45... Re1 {( -> ...De4+)} 46. Rf1 {[#]} Bf3+ $1 {[%mdl 512]} 47. Rxf3 {[#]} Rg1+ $1 48. Kh3 Qf6 {Precision: Weiß = 42%, Schwarz = 53%.} 0-1

[Event "22nd ECCC Women 2017"]
[Site "Antalya"]
[Date "2017.10.09"]
[Round "1"]
[White "Khotenashvili, Bela"]
[Black "Isgandarova, Khayala"]
[Result "1-0"]
[WhiteElo "2459"]
[BlackElo "2242"]
[Annotator "TA"]
[PlyCount "79"]
[EventType "team-tourn"]
[EventCountry "TUR"]
[WhiteTeam "Batumi"]
[BlackTeam "Anatolia"]

{[%evp 25,79,41,55,60,72,72,61,0,0,0,0,-31,-35,-35,-32,-38,0,0,5,0,39,45,47,49,42,45,86,80,78,90,72,88,145,145,166,102,93,90,105,85,66,74,135,121,124,124,147,147,147,147,743,729,729,703,645,606]} 1. d4 Nf6 2. c4 g6 3. Nc3 Bg7 4. e4 d6 5. Nf3 {[%cal Bg1f3,Bf3d2,Bd2c4][%mdl 32]} O-O 6. h3 e5 7. d5 a5 8. g4 Na6 9. Be3 Nc5 10. Nd2 Bd7 11. Be2 c6 12. h4 {[%cal Bh3h4,Bh4h5][%mdl 32] E92: King's Indian: Classical: 6 Be2 e5: 7 dxe5, 7 Be3 and Petrosian System without 7...Nbd7} cxd5 13. cxd5 Ne8 {LiveBook: 3 Games} (13... Rc8 14. g5 Nh5 15. Bxc5 Rxc5 16. Bxh5 gxh5 17. Qxh5 b5 18. a4 bxa4 19. Qd1 Qc7 20. Nxa4 {0-1 (45) Grischuk,A (2751)-Naiditsch,A (2686) Novi Sad 2016}) 14. h5 {White is slightly better.} Bf6 15. Nc4 Rc8 {[#]} 16. Bh6 $146 (16. Na3 $14) ({Predecessor:} 16. Na3 Bg5 17. Qd2 Bxe3 18. Qxe3 g5 19. f3 h6 20. O-O Nc7 21. Rfc1 N7a6 22. Bb5 a4 23. Nc4 Be8 24. Bxe8 Rxe8 25. Nb5 {1-0 (25) Sedlak,N (2589)-Zelenika,S (2320) Sibenik 2011}) 16... b5 $11 17. hxg6 hxg6 18. Bxf8 Kxf8 19. Nd2 $1 b4 20. Nb5 {[%cal Bc3b5,Bb5a3,Ba3c4][%mdl 32]} Qb6 21. a4 $1 {f3 is the strong threat.} bxa3 22. Nxa3 Ba4 23. Nac4 Qb4 24. Qc1 Nb3 ({But not} 24... Nxe4 $2 25. Rxa4 $1 {[%mdl 512]} Qxa4 26. Nxe4 $18) 25. Rxa4 $1 Nxc1 26. Rxb4 axb4 27. Kd1 Nxe2 28. Kxe2 Ra8 (28... Bg5 $142) 29. Nb3 $16 Bd8 30. Ra1 (30. Rh8+ $18 Ke7 31. f4) 30... Rxa1 31. Nxa1 {[%mdl 4096] Endgame KBN-KNN} f5 32. f3 fxg4 33. fxg4 Ke7 (33... Bg5 $142) 34. Nc2 b3 {[#]} 35. Na1 $1 Nf6 36. Kf3 Nd7 {intending ...Nc5.} 37. Nxb3 Nb6 $2 {[%mdl 8192]} (37... Nf6 $16 38. Na1 Ne8) 38. Nxb6 $18 {White is clearly winning.} Bxb6 39. Nd2 Ba5 40. Ke2 {Precision: White = 80%, Black = 39%.} 1-0

[Event "22nd ECCC Women 2017"]
[Site "Antalya"]
[Date "2017.10.09"]
[Round "1"]
[White "Kashlinskaya, Alina"]
[Black "Okuyaz, Duru"]
[Result "1-0"]
[WhiteElo "2455"]
[BlackElo "2233"]
[Annotator "TA"]
[PlyCount "107"]
[EventType "team-tourn"]
[EventCountry "TUR"]
[WhiteTeam "Legacy Square Capital"]
[BlackTeam "Marmara"]

{[%evp 22,107,0,-31,0,0,0,-28,0,0,0,0,0,0,0,0,27,18,12,17,22,0,0,-3,-6,-49,-41,-26,19,-43,43,0,0,0,75,68,86,75,82,87,156,127,214,213,216,210,209,138,233,167,168,159,149,33,518,518,518,518,565,562,808,801,1302,1226,2046,1995,1693,1613,29986,29987,29987,29988,29988,29989,29989,29986,29986,29982,29982,29973,29972,29971,29968,29969,29971,29970,29988,29972]} 1. d4 d5 2. c4 c6 3. Nf3 Nf6 4. Nc3 dxc4 5. a4 Bf5 6. Nh4 e6 7. Nxf5 exf5 8. e3 Bb4 9. Bxc4 O-O 10. O-O Nbd7 11. Qf3 g6 {D18: Slav Defence: 5 a4 Bf5 6 e3} 12. h3 {LiveBook: 7 Games} h5 (12... Qa5 13. Bd2 Rad8 14. Rfd1 Nb6 15. Bb3 Ne4 16. Nxe4 fxe4 17. Qe2 c5 {½-½ (17) Ris,R (2418)-Kuljasevic,D (2545) Berkeley 2011}) 13. Qg3 $146 {And now Na2 would win.} ({Predecessor:} 13. Rd1 Qe7 14. Qg3 Kg7 15. e4 Nxe4 16. Nxe4 fxe4 17. Bf4 Nb6 18. Rac1 Nxc4 19. Rxc4 {0-1 (62) Holst,C (2190)-Engqvist,T (2364) Sweden 2009}) 13... Kg7 {The position is equal.} 14. Bd3 Qa5 (14... Nc5 $5 15. Bc2 Ne6 $15) 15. Na2 Be7 {[#]} 16. b4 $1 {[%mdl 512]} Qd5 (16... Bxb4 17. Nxb4) 17. Nc3 Qe6 18. Rb1 Ne4 19. Bxe4 fxe4 20. Bb2 {aiming for d5.} Nf6 (20... Bxb4 $2 21. d5 $18) 21. f3 Kg8 ({Avoid the trap} 21... Bxb4 $2 22. d5 $1 $18 {[%mdl 512]}) 22. Ba1 Rae8 23. Qc7 Bd6 24. Qxb7 Rb8 25. Qa6 (25. Qxa7 $11 Ra8 26. d5 Nxd5 27. Qd4) 25... c5 ({Black should try} 25... exf3 $15 26. Rxf3 Nd5) 26. Qe2 cxb4 {[#]} 27. d5 $1 {[%mdl 512]} Qe7 {[#]} (27... Nxd5 $11 {remains equal.} 28. Nxe4 (28. Nxd5 Qxd5 29. Qb2 f6 $15) 28... Be7) 28. Nb5 $1 $16 {[%cal Rb5d6,Bc3b5,Bb5a7,Ba7c6][%mdl 32]} Be5 {[#]} 29. Nxa7 $1 {[%mdl 512]} Bxa1 (29... Qxa7 30. Bxe5) 30. Nc6 Qc5 (30... Qd6 $142) 31. Nxb8 {Strongly threatening Na6.} ({Don't take} 31. Rxa1 $6 Rb7 $16) 31... Rxb8 (31... Bc3 $16) 32. Rxa1 $18 Nxd5 33. fxe4 Nc3 34. Qf3 Qa7 (34... Qc7 $16 {was necessary.}) 35. Rac1 Re8 36. Kh1 Nxe4 37. Qf4 (37. Rfd1 $16) 37... Re7 $2 {[%mdl 8192]} (37... g5 $1 $14 38. Qf3 b3) 38. Rc4 Qb7 39. a5 g5 40. Qf3 h4 {[#] intending ...Ng3+.} 41. a6 $1 Qa8 (41... Qxa6 42. Rxe4) 42. Kg1 b3 {[#]} 43. a7 $1 b2 {[#]} (43... Qxa7 44. Rxe4) 44. Rxe4 $1 {[%mdl 512]} Rxe4 (44... Qxe4 45. Qxe4) 45. Qxf7+ {[%mdl 4096] Endgame KQR-KQR. White mates.} Kh8 46. Qh5+ Kg8 47. Qxg5+ Kh8 48. Qh6+ Kg8 {[#]} 49. Rf8+ $1 {[%mdl 512]} Qxf8 50. Qxf8+ Kxf8 51. a8=Q+ Re8 52. Qa3+ Kg8 53. Qxb2 Rxe3 54. Qf6 {Precision: White = 65%, Black = 43%.} 1-0

[Event "22nd ECCC Women 2017"]
[Site "Antalya"]
[Date "2017.10.10"]
[Round "1"]
[White "Shvayger, Yuliya"]
[Black "Mamedjarova, Zeinab"]
[Result "1/2-1/2"]
[WhiteElo "2442"]
[BlackElo "2298"]
[Annotator "TA"]
[PlyCount "74"]
[EventType "team-tourn"]
[EventCountry "TUR"]
[WhiteTeam "Beer Sheva"]
[BlackTeam "Odlar Yurdu"]

{[%evp 9,74,0,0,-1,0,-1,15,15,8,9,12,14,33,32,34,37,41,34,43,34,53,59,78,39,56,22,39,20,26,3,3,3,9,3,12,1,5,0,0,0,0,0,0,0,0,-5,-5,-7,4,-14,-14,-16,-8,-8,-8,-8,-8,-8,-8,-8,0,-8,0,-8,0,-8,0]} 1. e4 e5 2. Nf3 Nf6 3. Nc3 Nc6 4. Bb5 Nd4 5. Nxd4 exd4 6. Nd5 {C48: Four Knights: 4 Bb5, replies other than 4...Bb4} (6. e5 dxc3 7. exf6 Qxf6 8. dxc3 Bc5 9. O-O O-O 10. Qh5 d6 11. Qg5 {½-½ (11) Bologan,V (2640)-Jakovenko,D (2718) Poikovsky 2017}) 6... Nxd5 7. exd5 Qf6 8. O-O Be7 9. b3 $146 ({Predecessor:} 9. Qe2 O-O 10. Bd3 c5 11. Qe4 g6 12. c4 d6 13. Re1 Re8 {0-1 (40) Brasil,C (1800)-Librelato,K (2041) Icara 2016}) 9... O-O 10. Bb2 c5 11. c3 dxc3 12. dxc3 d6 13. Re1 Bd8 14. Bd3 Qg5 15. Qc2 h6 16. c4 Bd7 17. Re3 {[#] Black must now prevent Rg3.} Bf6 18. Rae1 Rfe8 19. g3 (19. Bc1 {keeps more tension.} Be5 20. Rf1 Qh5 21. h3 Re7 22. Bd2) 19... Rxe3 {The position is equal.} 20. Rxe3 {Hoping for h4.} Bxb2 21. Qxb2 Re8 22. Rxe8+ Bxe8 23. Qe2 {[%cal Re2e8] [#]} (23. f4 {with more complications.} Qd8 24. Kf2 Bd7 25. Qc3 b6 26. a3) 23... Kf8 24. h4 Qe7 25. Qxe7+ Kxe7 $11 {[%mdl 4096] Endgame KB-KB} 26. f4 Bd7 27. Be2 Bf5 28. Bd1 Bd3 29. a4 Kf6 30. Kf2 Bf5 31. g4 Bb1 32. a5 g5 33. hxg5+ $1 hxg5 34. Ke3 Kg6 35. Kf3 Kf6 36. Ke3 Kg6 37. Kf3 Kf6 {Precision: White = 57%, Black = 57%.} 1/2-1/2

[Event "22nd ECCC Women 2017"]
[Site "Antalya"]
[Date "2017.10.10"]
[Round "1"]
[White "Zhukova, Natalia"]
[Black "Sahin, Handenur"]
[Result "1-0"]
[WhiteElo "2426"]
[BlackElo "1960"]
[Annotator "TA"]
[PlyCount "67"]
[EventType "team-tourn"]
[EventCountry "TUR"]
[WhiteTeam "Bossa Nova"]
[BlackTeam "Aegean"]

{[%evp 9,67,7,10,15,10,10,12,16,31,14,38,39,31,29,25,32,41,39,40,48,87,64,93,78,135,127,124,144,201,210,218,129,129,134,129,98,135,111,147,142,163,153,173,111,114,105,83,79,189,159,324,318,316,306,354,358,333,327,480,374]} 1. c4 e5 2. Nc3 Bb4 3. Nd5 Bc5 4. e3 Nf6 5. b4 Be7 6. Nxe7 {A21: English Opening: 1...e5 2 Nc3} Qxe7 7. Bb2 O-O 8. a3 {The position is equal.} d6 9. Ne2 $146 ({Predecessor:} 9. d3 c5 10. Ne2 b6 11. bxc5 bxc5 12. Nc3 Bb7 {0-1 (30) Topalov,V (2760)-Anand,V (2779) Saint Louis 2016}) 9... Be6 10. Ng3 a5 11. Be2 Nbd7 12. O-O Rfe8 13. f4 {Threatens to win with f5.} exf4 14. Rxf4 Ne5 15. bxa5 Nfd7 16. Bc3 Ng6 ({Black should try} 16... f6) 17. Rf2 $16 Qg5 18. Rb1 $36 {[%mdl 2048] White is in control.} b6 (18... Reb8 $16) 19. Rb5 Qd8 20. Nh5 ({White should play} 20. axb6 $18 {Hoping for Nh5.} Nxb6 21. Qb3) 20... f6 21. axb6 cxb6 22. Qa1 Nge5 23. Nf4 Bf7 24. Nd5 Qc8 25. d3 ({Don't play} 25. Nxb6 Nxb6 26. Rxb6 Bxc4 $16) 25... Qc6 26. Bd4 (26. Bb4 $18) 26... Bxd5 27. Rxd5 Nc5 28. Bb2 Ra4 (28... b5 $16) 29. Qd1 $18 {Black must now prevent d4.} Ne6 $2 {[#]} (29... Ng6 $16 {is a better defense.} 30. e4 Ne7) 30. Rxd6 $1 {[%mdl 512]} Qxd6 31. Qxa4 Rc8 32. d4 Nf7 33. Qb4 Qd7 (33... Neg5 {was necessary.} 34. Rf4 Re8) 34. Bg4 {Precision: White = 79%, Black = 31%.} 1-0

[Event "22nd ECCC Women 2017"]
[Site "Antalya"]
[Date "2017.10.09"]
[Round "1"]
[White "Voit, Daria"]
[Black "Hereklioglu, Sude"]
[Result "1-0"]
[WhiteElo "2387"]
[BlackElo "2165"]
[Annotator "TA"]
[PlyCount "63"]
[EventType "team-tourn"]
[EventCountry "TUR"]
[SourceTitle "playchess.com"]
[Source "ChessBase"]
[SourceQuality "1"]
[WhiteTeam "Legacy Square Capital"]
[BlackTeam "Marmara"]

{[%evp 21,63,32,45,8,15,24,24,9,27,-18,-40,-35,-41,-33,-25,-33,-35,-36,-31,-37,-34,-29,8,27,104,109,275,259,222,202,220,118,120,109,150,139,177,181,1044,1039,5614,1212,29994,1865]} 1. d4 Nf6 2. c4 g6 3. g3 Bg7 4. Bg2 O-O 5. Nc3 d6 6. Nf3 Nbd7 7. O-O e5 8. h3 a6 9. e4 exd4 10. Nxd4 Rb8 11. Be3 Ne5 {LiveBook: 8 Games} 12. Qe2 {E63: King's Indian: Fianchetto: Panno Variation with 7...a6} (12. b3 Re8 13. a4 c5 14. Nde2 Qc7 15. Ra2 Be6 16. Rd2 Rbd8 17. f4 Nc6 18. g4 Qa5 19. f5 gxf5 20. gxf5 {1-0 (48) Hera,I (2558)-Strikovic,A (2504) Helensburgh 2013}) 12... c5 13. Nc2 Be6 14. b3 {White has an edge.} Ne8 15. Rad1 $146 ({Predecessor:} 15. Nd5 Bxd5 16. cxd5 b5 17. f4 Nd7 18. Rad1 Nef6 19. e5 dxe5 20. fxe5 Nxe5 21. Bxc5 {0-1 (52) Ortega Carrasco,A (1817)-Riquelme Abuffon,N (1934) Antofagasta 2015}) 15... Nxc4 16. bxc4 Bxc3 17. Bh6 Bg7 18. Bxg7 $1 Kxg7 19. f4 b5 20. cxb5 axb5 {And now ...Bc4 would win.} 21. Ne3 Qa5 22. f5 $36 {[%mdl 2048] White has good play.} Qxa2 (22... Bc8 $1 $11 {remains equal.}) 23. Rd2 $16 Qa5 $2 (23... Qb3 $16) 24. fxe6 $18 fxe6 25. Rxf8 Kxf8 26. Ra2 (26. Kh2 $18) 26... Qc7 $16 27. Qf1+ Kg8 28. Rf2 Qg7 29. Ng4 {Rf7! is the strong threat.} c4 $2 {[#]} (29... h5) 30. Rf7 $1 $18 {[%mdl 512]} Qd4+ (30... Qxf7 31. Nh6+) 31. Kh2 {White wants to mate with Rf8+.} h5 {[#]} 32. Re7 {Precision: White = 71%, Black = 30%.} (32. e5 $142 $1 {[%mdl 512]} Qxg4 (32... dxe5 33. Rf8+) 33. hxg4 d5 34. Rd7 Nd6 35. Qf6 Ne8 36. Qxg6+ Kh8 37. Qh7#) 1-0

[Event "22nd ECCC Women 2017"]
[Site "Antalya"]
[Date "2017.10.09"]
[Round "1"]
[White "Kovanova, Baira"]
[Black "Neuhauser, Salome"]
[Result "1-0"]
[WhiteElo "2371"]
[BlackElo "2140"]
[Annotator "ChessBase"]
[PlyCount "57"]
[EventType "team-tourn"]
[EventCountry "TUR"]
[WhiteTeam "UGRA"]
[BlackTeam "Mulhouse Philidor"]
[TimeControl "40/5400+30:1800+30"]

1. d4 Nf6 2. Nf3 g6 3. Bf4 Bg7 {[%emt 0:01:00]} 4. e3 {[%emt 0:01:00]} O-O {[%emt 0:00:30]} 5. h3 {[%emt 0:00:30]} d6 {[%emt 0:00:30]} 6. Be2 {[%emt 0:00:30]} Nbd7 {[%emt 0:00:30]} 7. O-O {[%emt 0:00:30]} Qe8 {[%emt 0:00:00]} 8. c4 {[%emt 0:00:00]} c5 {[%emt 0:13:00]} 9. Nc3 {[%emt 0:00:00]} b6 {[%emt 0:01:30]} 10. d5 {[%emt 0:00:30]} Nb8 {[%emt 0:06:30]} 11. e4 {[%emt 0:06:30]} Na6 {[%emt 0:03:30]} 12. Bh2 {[%emt 0:00:30]} Qd8 {[%emt 0:15:30]} 13. e5 {[%emt 0:05:30]} Ne8 {[%emt 0:01:30]} 14. Re1 {[%emt 0:00:30]} Nac7 {[%emt 0:04:30]} 15. Bd3 {[%emt 0:06:30]} Rb8 {[%emt 0:08:30]} 16. Bf4 {[%emt 0:02:30]} a6 {[%emt 0:08:30]} 17. a4 {[%emt 0:02:30]} Bb7 {[%emt 0:07:30]} 18. Bf1 {[%emt 0:03:30]} dxe5 {[%emt 0:20:05]} 19. Nxe5 {[%emt 0:00:30]} b5 {[%emt 0:00:47]} 20. axb5 {[%emt 0:02:30]} axb5 {[%emt 0:00:24]} 21. cxb5 {[%emt 0:01:30]} Ra8 {[%emt 0:04:37]} 22. Rxa8 {[%emt 0:01:30]} Bxa8 {[%emt 0:00:09]} 23. Nc6 {[%emt 0:00:30]} Bxc6 {[%emt 0:00:31]} 24. dxc6 {[%emt 0:00:00]} Nd6 {[%emt 0:00:50]} 25. Rxe7 {[%emt 0:05:00]} Bxc3 {[%emt 0:00:51]} 26. Qxd6 {[%emt 0:01:30]} Ne6 {[%emt 0:01:36]} 27. bxc3 {[%emt 0:02:30]} Nxf4 {[%emt 0:00:20]} 28. Qxd8 {[%emt 0:00:30]} Rxd8 {[%emt 0:00:01]} 29. c7 {[%emt 0:00:00]} 1-0

[Event "22nd ECCC Women 2017"]
[Site "Antalya"]
[Date "2017.10.10"]
[Round "1"]
[White "Yildiz, Betul Cemre"]
[Black "Harika, Dronavalli"]
[Result "1/2-1/2"]
[WhiteElo "2350"]
[BlackElo "2528"]
[Annotator "TA"]
[PlyCount "111"]
[EventType "team-tourn"]
[EventCountry "TUR"]
[WhiteTeam "Anatolia"]
[BlackTeam "Batumi"]

{[%evp 19,111,22,23,17,27,31,25,23,52,0,0,-37,31,0,39,0,31,32,32,29,43,47,50,15,58,27,39,0,0,-6,-4,-35,-37,-35,-10,-14,128,-46,187,-72,-64,-59,-26,-31,-14,-25,-9,-11,-7,-10,-17,-28,-25,-51,-36,-35,0,-103,-27,-40,-33,-31,-37,-18,-12,-40,-50,-57,0,0,0,0,0,0,0,0,0,-31,0,-8,-8,-8,-8,-8,-8,-7,-7,-7,0,0,0,0,0,0]} 1. e4 c5 2. Nf3 e6 3. d4 cxd4 4. Nxd4 Nc6 5. Nb5 d6 6. c4 a6 7. N5c3 Nf6 8. Be2 Be7 9. O-O O-O 10. Be3 b6 {LiveBook: 72 Games} 11. Qd2 {B44: Sicilian: Taimanov: 5 Nb5} (11. Nd2 Ne5 12. f4 Ned7 13. a3 Bb7 14. b4 Rc8 15. Rc1 Qc7 16. Re1 Qb8 17. Bd3 Rfe8 18. Nb3 Bd8 19. Kh1 {1-0 (52) Popov,V (2555)-Grachev,B (2666) St Petersburg 2015}) 11... Bb7 12. Rd1 Rc8 13. f3 {White has an edge.} Re8 $146 ({Predecessor:} 13... Ne5 14. Na3 Ned7 15. Bf1 Qc7 16. Qf2 Ne8 17. Rac1 Bf6 18. Nab1 Bd8 {1-0 (55) Sorensen,H (2487)-Meier,H ICCF corr 1974}) 14. Bf1 (14. Na4 $14) 14... Ne5 $11 15. b3 {[#]} Ned7 (15... d5 $1 $15 {[%mdl 512]} 16. exd5 (16. cxd5 exd5) 16... exd5 17. cxd5 Bd6) 16. Qf2 Qc7 (16... d5 $5) 17. Na4 {[%cal Ra4b6]} Nc5 18. Nbc3 Bc6 19. Nb2 Ncd7 20. Rac1 Qb8 21. b4 Ba8 22. a3 Bd8 23. g4 h6 $1 24. h4 Ne5 {Black wants to play ...d5!} 25. g5 hxg5 26. hxg5 Nh7 $1 27. Qg3 d5 {[#]} (27... Nxg5 $11 28. Be2 d5) 28. cxd5 $2 (28. f4 $1 $16 {[%cal Rc4d5]} d4 29. Rxd4 (29. fxe5 dxe3 30. g6 fxg6 $11)) 28... exd5 $2 (28... Nxg5 $1 $15 29. Bxg5 Bxg5) 29. Nxd5 $2 (29. f4 $18 Nc4 30. Nxc4 dxc4 31. g6 fxg6 32. Qxg6) 29... Rxc1 30. Bxc1 Bxd5 (30... Nxg5 $5 31. Bxg5 Bxg5 $11) 31. Rxd5 {Bf4 is the strong threat.} Bxg5 32. f4 Bh6 33. Be3 Ng6 {[%cal Rg6f4]} 34. e5 Ne7 35. Rd1 Nf5 36. Qf2 Nxe3 37. Qxe3 Nf8 38. Bxa6 (38. Nc4 $11) 38... Ng6 (38... b5 $17 {White must now prevent ...Re6.} 39. Nd3 Re6) 39. Nd3 b5 40. Qc5 Nxf4 41. Nxf4 {And now Rd4 would win.} Bxf4 42. Qxb5 Qa7+ 43. Kf1 Ra8 ({Black should try} 43... Qe7 $15) 44. Bb7 {Threatens to win with e6.} Bg3 {[%csl Gg3][%cal Ra7f2]} 45. Rd2 Rb8 46. Be4 g6 47. Qd3 Bxe5 48. Rg2 Rb6 49. Bxg6 {The position is equal.} Rxg6 50. Rxg6+ fxg6 51. Qxg6+ Bg7 {With the idea ...Qe3.} 52. Qe8+ Kh7 53. Qh5+ Kg8 54. Qe8+ Kh7 55. Qh5+ Kg8 56. Qe8+ {Precision: White = 46%, Black = 43%.} 1/2-1/2

[Event "22nd ECCC Women 2017"]
[Site "Antalya"]
[Date "2017.10.09"]
[Round "1"]
[White "Fataliyeva, Ulviyya"]
[Black "Klinova, Masha"]
[Result "1-0"]
[WhiteElo "2348"]
[BlackElo "2289"]
[Annotator "ChessBase"]
[PlyCount "52"]
[EventType "team-tourn"]
[EventCountry "TUR"]
[WhiteTeam "Odlar Yurdu"]
[BlackTeam "Beer Sheva"]
[TimeControl "40/5400+30:1800+30"]

1. e4 {[%emt 0:00:30]} d6 {[%emt 0:01:00]} 2. d4 {[%emt 0:00:30]} Nf6 {[%emt 0:00:30]} 3. Nc3 {[%emt 0:00:30]} g6 {[%emt 0:00:30]} 4. Be3 {[%emt 0:00:00]} a6 {[%emt 0:00:00]} 5. h3 {[%emt 0:00:00]} Bg7 {[%emt 0:02:00]} 6. f4 {[%emt 0:00:00]} O-O {[%emt 0:00:30]} 7. Qf3 {[%emt 0:00:00]} Nc6 {[%emt 0:05:30]} 8. O-O-O {[%emt 0:05:30]} d5 {[%emt 0:17:30]} 9. e5 {[%emt 0:06:30]} Ne4 {[%emt 0:02:30]} 10. Nxe4 {[%emt 0:01:30]} dxe4 {[%emt 0:00:30]} 11. Qe2 {[%emt 0:05:30]} b5 {[%emt 0:06:30]} 12. d5 {[%emt 0:02:30]} Na5 {[%emt 0:04:30]} 13. Bd2 {[%emt 0:08:30]} Nc4 {[%emt 0:30:30]} 14. Qxe4 {[%emt 0:00:30]} Nxd2 {[%emt 0:02:30]} 15. Rxd2 {[%emt 0:00:30]} Bb7 {[%emt 0:00:30]} 16. Nf3 {[%emt 0:17:30]} e6 {[%emt 0:01:30]} 17. c4 {[%emt 0:04:30]} Qe7 {[%emt 0:06:27]} 18. Be2 {[%emt 0:03:30]} Rfd8 {[%emt 0:10:22]} 19. Rhd1 {[%emt 0:02:30]} Bf8 {[%emt 0:00:08]} 20. Qc2 {[%emt 0:11:30]} exd5 {[%emt 0:02:36]} 21. cxd5 {[%emt 0:00:30]} Rd7 {[%emt 0:00:43]} 22. Ng5 {[%emt 0:01:30]} Rad8 {[%emt 0:01:10]} 23. Ne4 {[%emt 0:05:30]} Bg7 {[%emt 0:01:36]} 24. Nc5 {[%emt 0:00:30]} Bc8 {[%emt 0:00:27]} 25. Nxd7 {[%emt 0:00:30]} Rxd7 {[%emt 0:00:42]} 26. d6 {[%emt 0:01:30]} cxd6 {[%emt 0:00:23]} 1-0